Bible-centered devotions on purity and hope / (Record no. 3225)

MARC details
000 -LEADER
fixed length control field 00795pam a2200265 i 4500
001 - CONTROL NUMBER
control field 4126917
003 - CONTROL NUMBER IDENTIFIER
control field GBCCL
005 - DATE AND TIME OF LATEST TRANSACTION
control field 20241126110450.0
008 - FIXED-LENGTH DATA ELEMENTS--GENERAL INFORMATION
fixed length control field 761116s1977 nyua 000 0 eng
010 ## -
-- 76055823
020 ## - INTERNATIONAL STANDARD BOOK NUMBER
International Standard Book Number 0060652659 :
Terms of availability $3.95
040 ## - CATALOGING SOURCE
Original cataloging agency DLC
Transcribing agency DLC
Modifying agency DLC
050 00 -
-- BS491.5
-- .L62 vol. 1
082 00 - DEWEY DECIMAL CLASSIFICATION NUMBER
Classification number 242.08
-- 234.2
Item number LOC
100 1# - MAIN ENTRY--PERSONAL NAME
Personal name Lockyer, Herbert.
9 (RLIN) 1921
245 10 - TITLE STATEMENT
Title Bible-centered devotions on purity and hope /
Statement of responsibility, etc. Herbert Lockyer.
250 ## - EDITION STATEMENT
Edition statement 1st ed.
260 ## - PUBLICATION, DISTRIBUTION, ETC.
Place of publication, distribution, etc. New York :
Name of publisher, distributor, etc. Harper & Row,
Date of publication, distribution, etc. c1977.
300 ## - PHYSICAL DESCRIPTION
Extent x, 117 p. :
Other physical details ill. ;
Dimensions 24 cm.
490 0# - SERIES STATEMENT
Series statement His Seasons of the Lord ; v. 1
490 0# - SERIES STATEMENT
Series statement Harper jubilee books : HJG 02
630 #0 - SUBJECT ADDED ENTRY--UNIFORM TITLE
Uniform title Bible
General subdivision Meditations.
9 (RLIN) 1991
906 ## - LOCAL DATA ELEMENT F, LDF (RLIN)
a 7
b cbc
c orignew
d 1
e ocip
f 19
g y-gencatlg
942 ## - ADDED ENTRY ELEMENTS (KOHA)
Source of classification or shelving scheme Dewey Decimal Classification
Koha item type Books
Holdings
Withdrawn status Lost status Source of classification or shelving scheme Damaged status Not for loan Home library Current Library Shelving location Date acquired Total checkouts Full call number Barcode Date last seen Copy number Price effective from Koha item type
    Dewey Decimal Classification     GRACE BIBLE COLLEGE GRACE BIBLE COLLEGE Ministry & Mission 2017-11-22   242.08 LOC 008724 2025-05-01 v.1 2017-11-22 Books
© Grace Bible College Library 2025